| 000 | 01844nam a2200361 c 4500 | ||
|---|---|---|---|
| 003 | BLK | ||
| 005 | 20250220155945.0 | ||
| 008 | 180408b bul|||||r ||||||| ||bul|| | ||
| 010 | _aKNG00086706000 | ||
| 020 |
_a978-954-8401-71-5 _bиздат.: Тракия-М |
||
| 040 | _aBLK | ||
| 041 |
_aBUL _cBUL |
||
| 080 |
_aТуризмът от стопанско гледище. Политика по отношение на туризма. Икономика и организация на туризма. Вътрешен и международен туризъм. Вж и 379.8 _b338.48 _x(100) _z338.48(100) |
||
| 080 |
_aПазар. Анализ на пазара. Търсене. Предлагане. Конкуренция. Маркетингова логистика _b339.13 _x(100) _z339.13(100) |
||
| 100 | 1 |
_aРибов, Манол Николов _eпърви автор _9368498 |
|
| 139 |
_aТуристически дестинации _bТ 92 |
||
| 245 | 1 | 0 |
_aТуристически дестинации _bМоногр. _cМанол Николов Рибов. |
| 257 | _aBGR | ||
| 260 |
_аСофия _bТракия-М _c2008 |
||
| 300 |
_a800 с. _bс ил. _c26 см |
||
| 380 | _a3 | ||
| 500 | _aДруги авт. : М. Станкова, Пр. Димитров, Л. Гръчка. - Офс. изд. | ||
| 650 | 4 |
_aТуризъм - икономически проблеми _9246366 |
|
| 650 | 4 |
_aТуризъм, международен - икономика и организация _9248420 |
|
| 653 | _aтуристически дестинации | ||
| 653 | _aмеждународен туризъм | ||
| 852 | _aЦб ІІ 15437 | ||
| 856 | 4 |
_qpdf _u |
|
| 856 | 4 |
_qpdf _u |
|
| 942 |
_cKNG _n0 _01 |
||
| 944 |
_aCR _c01.12.2008 _lВиолета Тройчева _k30552 |
||
| 944 |
_aED _c20.12.2012 _lф / _k |
||
| 999 |
_c82185 _d82185 |
||